| 000 | 01037nam a2200229Ia 4500 | ||
|---|---|---|---|
| 001 | 10516 | ||
| 003 | GE_BSU | ||
| 008 | 181216s||||||||xx |||||||||||||| ||und|| | ||
| 020 | _a9789941202025 | ||
| 040 | _cGE_BSU | ||
| 100 | _aმალაღურაძე,ჯუმბერ | ||
| 245 | _aნაშენთა ხუროთმოძღვრული ნაწილები.წ.2:მასობრივი შენობები | ||
| 245 | _bსახელმძღვ. | ||
| 260 | _aთბილისი | ||
| 260 | _bუნივერსალი | ||
| 260 | _c2013 | ||
| 300 | _a300გვ;29სმ. | ||
| 300 | _bბიბლიოგრ:გვ.293-294. ცნებათა და ტერმინთა განმარტებები:გვ.295-297. ნახ;ცხრ. | ||
| 541 | _h20ლ. | ||
| 653 | _aნაშენთა ხუროთმოძღვრული ნაწილები.წ.2:მასობრივი შენობები.სახელმძღვ. | ||
| 942 | _cBK | ||
| 999 |
_c43771 _d43771 |
||